Hurricanes : their nature and impacts on society /

Losses to hurricanes in the 1990s total more than those incurred in the 1970s and 1980s combined, even after adjusting for inflation. This has led many to mistakenly conclude that severe hurricanes are becoming more frequent. In fact, according to recent research, the past few decades have seen a de...

Full description

Saved in:
Bibliographic Details
Main Author: Pielke, Roger A., 1968-
Other Authors: Pielke, Roger A., Pielke, Roger A., Sr., 1946-
Format: Book
Language:English
Published: Chichester ; New York : Wiley, c1997.
Subjects:
Tags: Add Tag
No Tags, Be the first to tag this record!
LEADER 02913pam a2200325 a 4500
001 007768386-2
005 20020606104010.5
008 970404s1997 enkab b 001 0 eng
010 |a  97014116  
020 |a 0471973548 (alk. paper) 
035 0 |a ocm36768145 
040 |a DLC  |c DLC  |d DLC 
043 |a n-us--- 
050 0 0 |a QC945  |b .P64 1997 
082 0 0 |a 363.34/922/0973  |2 21 
100 1 |a Pielke, Roger A.,  |d 1968- 
245 1 0 |a Hurricanes :  |b their nature and impacts on society /  |c Roger A. Pielke, Jr. and Roger A. Pielke, Sr. 
260 |a Chichester ;  |a New York :  |b Wiley,  |c c1997. 
300 |a xviii, 279 p. :  |b ill. (some col.), maps ;  |c 24 cm. 
504 |a Includes bibliographical references (p. [258]-275) and index. 
505 0 |a Introduction: science, policy, and hurricanes -- The US hurricane problem -- Tropical cyclones on planet Earth --- Hurricane forecasts -- Hurricane impacts -- Societal responses -- Hurricane Andrew: forecast, impact, response -- Tropical cyclone fundamentals. 
520 |a Losses to hurricanes in the 1990s total more than those incurred in the 1970s and 1980s combined, even after adjusting for inflation. This has led many to mistakenly conclude that severe hurricanes are becoming more frequent. In fact, according to recent research, the past few decades have seen a decrease in the frequency of severe storms and 1991 to 1994 was the quietest in at least 50 years. It does mean, however, that the world today is more vulnerable to hurricane impacts than it has ever been, which represents a serious policy problem. This book defines and assesses the hurricane problem, focusing primarily on the United States, in order to lay a foundation for action. The concept of vulnerability is used to integrate the societal and physical aspects of hurricane impacts. The book is unique in that it seeks to address both the scientific and societal aspects of hurricanes. While it focuses on the United States, it is intended to illustrate weather related impacts assessment that could be applied in other areas, and for phenomena other than hurricanes. More broadly, this book seeks to illustrate the beneficial uses (as well as limitations) of hurricane science to society. Explicit consideration of the relationship between science and society is much needed in an era when scientific research is under public and political pressure to demonstrate a better connection with societal needs. 
650 0 |a Hurricanes  |x Government policy  |z United States. 
650 0 |a Hurricanes  |x Social aspects  |z United States. 
700 1 |a Pielke, Roger A. 
700 1 |a Pielke, Roger A.,  |c Sr.,  |d 1946- 
776 0 8 |i Online version:  |a Pielke, Roger A., 1968-  |t Hurricanes.  |d Chichester ; New York : Wiley, ©1997  |w (OCoLC)605367846 
776 0 8 |i Online version:  |a Pielke, Roger A., 1968-  |t Hurricanes.  |d Chichester ; New York : Wiley, ©1997  |w (OCoLC)607911429 
988 |a 20020608 
906 |0 DLC